Death on the ice /

Bibliographic Details
Main Author: Ryan, Robert
Format: Book
Published: London: Headline Publishing Group, 2009.
Subjects:
LEADER 00427cam a2200169 7i4500
001 0000018955
005 20151104090000.0
005 ##20151104122000.0
003 ##MY-KlINT
020 # # |a 9780755356539  
039 # 9 |y 201511041220  |z VLOAD 
090 0 0 |a F   |b RYA 
100 1 # |a Ryan, Robert 
245 1 0 |a Death on the ice /   |c Robert Ryan. 
260 # # |a London:   |b Headline Publishing Group,   |c 2009. 
300 # # |a 546p.;   |c 18cm. 
650 # 0 |a English fiction